000
00322nam a22001217a 4500
008
190315b xxu||||| |||| 00| 0 eng d
041
_a
eng
080
_a
043.3
100
_a
0
101
_a
MBE-BA
245
_a
Benefitet e Auditimit te jashtem ne funksionimin e Bankave Komerciale ne Kosove
_c
Sadiku, N
942
_2
udc
_c
BK
999
_c
54831
_d
54831